عرض عادي عرض مارك
  • Hataley, Todd S.

دخول Personal Name

عدد التسجيلات المستخدمة: 1

001 - CONTROL NUMBER

  • control field: 18169

003 - CONTROL NUMBER IDENTIFIER

  • control field: AE-AdECS

005 - DATE AND TIME OF LATEST TRANSACTION

  • control field: 20250709093339.0

008 - FIXED-LENGTH DATA ELEMENTS

  • fixed length control field: 250709|| aca||aabn | a|a d

040 ## - CATALOGING SOURCE

  • Original cataloging agency: AE-AdECS
  • Transcribing agency: AE-AdECS

100 ## - HEADING--PERSONAL NAME

  • Personal name: Hataley, Todd S.
  • Fuller form of name: (Todd Steven),
  • Dates associated with a name: 1963-

670 ## - SOURCE DATA FOUND

  • Source citation: Work cat.: (AE-AdECS)291333: Security. Cooperation. Governance. :

أبوظبي، الإمارات العربية المتحدة

reference@ecssr.ae

97124044780 +

حقوق النشر © 2026 مركز الإمارات للدراسات والبحوث الاستراتيجية جميع الحقوق محفوظة